| 000 | 00654nam a2200229 i 4500 | ||
|---|---|---|---|
| 001 | bg | ||
| 100 | 1 | _aSKIPPER, Mark | |
| 245 | 1 | 0 |
_aAdvanced grammar & vocabulary : _bkey / _cMark Skipper. |
| 260 |
_aNewbury : _bExpress Publ., _ccop. 2003. |
||
| 300 |
_a31 s. ; _c28 cm. |
||
| 650 | 9 |
_aJęzyk angielski _xgramatyka |
|
| 650 | 9 |
_aJęzyk angielski _xsłownictwo |
|
| 655 | _aPodręczniki | ||
| 020 | _a1843258773 | ||
| 040 | _cBPK | ||
| 041 | 0 | _aeng | |
| 080 | _a811.111'36/'37(07) | ||
| 920 | _a1-84325-877-3 | ||
| 942 | _cKS | ||
| 008 | s pl f |000 0 pol | ||
| 999 |
_c46238 _d46238 |
||